| 000 | 01499cam a22003011i 4500 | ||
|---|---|---|---|
| 003 | SA-RiAUC | ||
| 005 | 20241229141234.0 | ||
| 008 | 241006s2000 su g 01010 ara c | ||
| 020 | _a9960034534 | ||
| 040 |
_aSA-JeALM _bara _cSA-RiAUC _erda |
||
| 043 | _aa-su--- | ||
| 082 | 0 | 4 | _a378.5 |
| 090 |
_a378.5 _bو ذ ي |
||
| 100 | 1 |
_aالوذيناني، خلف بن دبلان بن خضر، _d1367 هجري- _eمؤلف. |
|
| 245 | 1 | 2 |
_aالكتاب الوثائقي لجامعة أم القرى./ _cإعداد خلف ديلان خضر الوذيناني، عبد الله محمد الحميدي. _pالجامعة في ذاكرة الرعيل الأول من خريجيها، كلية الشريعة، كلية المعلمين 1369 هـ-1379 هـ / |
| 264 | 1 |
_aمكة المكرمة : _bجامعة أم القرى، _c2001 |
|
| 300 |
_aمجلد ؛ _c24 سم |
||
| 336 |
_aنص _btxt _2rdacontent _3كتاب |
||
| 337 |
_aبدون وسيط _bn _2rdamedia |
||
| 338 |
_aمجلد _bnc _2rdacarrier |
||
| 500 | _aصدر بمناسبة مرور مائة عام على تأسيس المملكة العربية السعودية. | ||
| 610 | 2 | 7 |
_aجامعة أم القرى _2aucnm |
| 650 | 7 |
_aالجامعات والكليات _zمكة المكرمة _2aucsh |
|
| 650 | 7 |
_aالتعليم العالي _zالسعودية _2aucsh |
|
| 700 | 1 |
_aالحميدي، عبد الله محمد عبد الله، _d1363 هجري- _eمؤلف. |
|
| 942 |
_2ddc _cBOOK _n0 |
||
| 949 |
_aSA-JeALM _d241006 _umohamedma123 _n1 |
||
| 999 |
_c1197 _d1197 |
||